| 000 | 01174cam a22002778a 4500 | ||
|---|---|---|---|
| 001 | 14184980 | ||
| 005 | 20101019122839.0 | ||
| 008 | 051130s2006 nyu b 001 0 eng | ||
| 010 | _a 2005035072 | ||
| 020 | _a0415398967 (hardback : alk. paper) | ||
| 040 |
_aDLC _cDLC _dDLC |
||
| 082 | 0 | 0 |
_a320.91767 _222 _bPOP |
| 245 | 0 | 0 |
_aPopular Movements and Democratization in the Islamic World / _c[edited by] Kisaichi Masatoshi. |
| 260 |
_aNew York : _bRoutledge, _c2006. |
||
| 300 |
_axi, 196 p. : _bill. ; _c24 cm. |
||
| 504 | _aIncludes bibliographical references and index. | ||
| 650 | 0 |
_aPolitical culture _zIslamic countries _vCase studies. _928803 |
|
| 650 | 0 |
_aDemocratization _zIslamic countries _vCase studies. _928804 |
|
| 650 | 0 |
_aIslam and politics _vCase studies. _928805 |
|
| 651 | 0 |
_aIslamic countries _xPolitics and government _vCase studies. _928806 |
|
| 653 |
_bPol _cFebruary2012 |
||
| 700 | 1 |
_aMasatoshi, Kisaichi. _928807 |
|
| 942 |
_2ddc _cBB |
||
| 999 |
_c16440 _d16440 |
||